00462nam a22001577a 450000500170000000800410001702000150005804100130007308200100008610000270009624500610012325000200018426000430020430000320024765000250027920231102062520.0231102b |||||||| |||| 00| 0 eng d a0702112011 aEnglish  a346.7 ade Jager, TlAfrikaans aKrediet ooreenkomste en Finansieringskoste /cT de Jager aEerste Uitgawe  aKaapstad bJuta en Kie. Beperk, c1981 bxvii, 313 pages ; c25 cm.  aLegal practice bLaw